Gaming Quiz

Random Gaming or Pokémon Quiz
Score 0/44 Timer 05:00
12 Plays Today
# Pokémon % Correct
#149Dragonite
96%
#147Dratini
94.4%
#148Dragonair
94.3%
#373Salamence
79.1%
#371Bagon
78.7%
#372Shelgon
74%
#384Rayquaza
70.3%
#484Palkia
70%
#483Dialga
69.7%
#445Garchomp
69.6%
#443Gible
67.8%
#444Gabite
66.8%
#330Flygon
66.5%
#644Zekrom
66.4%
#643Reshiram
65.9%
#487Giratina
64.6%
#230Kingdra
62.9%
#610Axew
62.3%
#706Goodra
61.4%
#329Vibrava
61.1%
#381Latios
60.1%
#380Latias
60%
# Pokémon % Correct
#612Haxorus
59.4%
#704Goomy
58.8%
#646Kyurem
58.5%
#635Hydreigon
58.5%
#633Deino
58.4%
#334Altaria
57.5%
#621Druddigon
55.1%
#718Zygarde
55.1%
#611Fraxure
53.5%
#634Zweilous
52.6%
#705Sliggoo
52.4%
#715Noivern
48%
#784Kommo-o
46.9%
#714Noibat
46.6%
#782Jangmo-o
45.5%
#780Drampa
43.9%
#783Hakamo-o
42%
#691Dragalge
39%
#799Guzzlord
38.8%
#697Tyrantrum
36.4%
#776Turtonator
36.1%
#696Tyrunt
35.9%

You're not logged in!

Compare scores with friends on all Sporcle quizzes.
OR
Log In

Sporcle TV

Today on Sporcle TV


Watch our educational content, quiz creation guides, and fun videos on Sporcle TV.

Show Comments

Extras

Top Quizzes Today


Score Distribution

Paid Content

Your Account Isn't Verified!

In order to create a playlist on Sporcle, you need to verify the email address you used during registration. Go to your Sporcle Settings to finish the process.

Report this User

Report this user for behavior that violates our Community Guidelines.

Details: